| 000 | 00689nam a2200241Ia 4500 | ||
|---|---|---|---|
| 005 | 20250508164556.0 | ||
| 008 | 008 250505s9999 xx 000 0 eng d | ||
| 020 | _a0-06-318345-5 | ||
| 037 | _aTextual | ||
| 040 |
_aFEDL _beng _cFEDL |
||
| 041 |
_aeng _2eng |
||
| 084 |
_a372, PRO _qFEDL |
||
| 100 |
_aProctor Nigel Ed. _9778505 |
||
| 245 | 0 | _aAims of primary education and the national curriculum | |
| 260 |
_aLondon, UK _bThe Falmer Press _c1990 |
||
| 300 | _ax,215p. | ||
| 365 |
_aGBP _b10.95 |
||
| 490 | _aContemporary analysis in education series | ||
| 546 | _aMACESE | ||
| 650 | _aPrimary education | ||
| 942 |
_cTEXL _h372, PRO |
||
| 999 |
_c1389894 _d1389894 |
||